000 01064nam0a2200349 4500
001 RU\NLR\bibl\234968
005 20260408165207.0
010 _a5-93229-090-0
_910000
021 _aRU
_b2001-53974
_92616
035 _a(NLR Aleph) 000230898
090 _a1343758
_c1343758
100 _a20020215d2001 u y0rusy50 ca
101 0 _arus
102 _aRU
105 _aa |||||||||
200 1 _aСправочник необходимых познаний
_eВ табл., граф., рис., пояснениях
_f[Сост. В.В. Комаров]
210 _aМ.
_cАиФ-Принт
_d2001
215 _a368 с.
_cил.
_d21
225 1 _aHelp!
606 0 _aСправочники
608 _aСправочники
_3RU\NLR\auth\66503463
_91233995
675 _a082
_v3
_zrus
686 _a92
_2rubbk
686 _aЯ2
702 1 _aКомаров
_bВ. В.
_4220
801 0 _aRU
_bRKP
_c20020215
_gPSBO
801 1 _aRU
_bRKP
_c20020215
801 2 _aRU
_bNLR
_c20020415
_grcr
942 _cBOOK
980 _aNB